Pokémon Mega or Primal Forms - Picture Quiz - Statistics

General Stats
  • This quiz has been taken 26 times
    25 since last reset
  • The average score is 43 of 48
Answer Stats
Picture Answer % Correct
Groudon
100%
Houndoom
100%
Kyogre
100%
Latias
100%
Lucario
100%
Mew Two
100%
Rayquaza
100%
Steelix
100%
Alakazam
95%
Beedrill
95%
Blastoise
95%
Blaziken
95%
Charizard
95%
Garchomp
95%
Gengar
95%
Latios
95%
Pinsir
95%
Venusaur
95%
Absol
91%
Aerodactyl
91%
Ampharos
91%
Gallade
91%
Gardevoir
91%
Kangaskhan
91%
Metagross
91%
Pidgeot
91%
Scizor
91%
Sharpedo
91%
Slowbro
91%
Abomasnow
86%
Aggron
86%
Gyarados
86%
Heracross
86%
Sableye
86%
Tyranitar
86%
Camerupt
82%
Diancie
82%
Lopunny
82%
Medicham
82%
Salamence
82%
Sceptile
82%
Altaria
77%
Audino
77%
Banette
77%
Mawile
77%
Swampert
77%
Glalie
73%
Manectric
64%
No matching quizzes found
Score Distribution
Percent of People with Each Score
Percentile by Number Answered
Your Score History
You have not taken this quiz since the last reset